Clic para traducir - Télugu - Estadísticas

Estadísticas generales
  • Esta prueba ha sido intentada 55 veces
  • La puntuación promedio es 3 de 19
Estadísticas de respuestas
Hint Respuesta % Correcto
అవును (Avunu)
32%
Por favor దయచేసి (Dayacēsi)
32%
Aquí ఇక్కడ (Ikkaḍa)
24%
Luna చంద్రుడు (Chandruḍu)
16%
Rojo ఎరుపు (Erupu)
16%
Nosotros మేము (Mēmu)/మనము (Manamu)
16%
Música సంగీతం (Saṅgītaṁ)
16%
Jardin తోట (Thōṭa)
16%
Azúcar చక్కెర (Chakkera)
12%
Pez చేప (Chēpa)
12%
Donde ఎక్కడ (Ekkaḍa)
12%
Casa ఇల్లు (Illu)
12%
Bienvenido స్వాగతం (Svāgataṁ)
12%
Gorro టోపీ (Ṭōpī)
12%
Boca నోరు (Nōru)
8%
Quince పదిహేను (Padihēnu)
8%
Lago సరస్సు (Sarassu)
8%
Mañana రేపు (Rēpu)
4%
Invierno శీతాకాలం (Śītākālaṁ)
4%
No se encontraron pruebas coincidentes
Distribución de puntuación
Porcentaje de gente con cada puntuación
Porcentaje por número respondido
Historial de tus puntuaciones
No has intentado esta prueba.